000 00503nam a2200181Ia 4500
005 20250326142043.0
008 250326s9999 xx 000 0 und d
037 _aTextbook
040 _aFMSL
_beng
_cFMSL
041 _aeng
_2eng
084 _aX:8D.44 M5
_qFMSL
100 _aMishra J
_9214435
245 0 _aNew dimensions of fedoral fice in India
_cMishra J
260 _aNew Delhi
_bNew Delhi, Vikas
_c1985
300 _a179p
942 _cTB
_hX:8D.44 M5
999 _c1293223
_d1293223